000 00668nam a2200217 a 4500
001 000036205
005 20240530073921.0
008 120111 2011 dr 000 f spa d
020 _a9789945161847
040 _aDO-SdBNP
_bspa
_cBNPHU
082 _aRD863.44
_bJ58e, 2011
100 1 _aJesús Ulerio, Luis Felipe de,
_d1970-
_91334
245 1 3 _aEl enigma de la cabaña /
_cLuis Felipe de Jesús Ulerio.
250 _a6a ed.
260 _aSanto Domingo :
_bBúho,
_c2011.
300 _a137 p. ;
_c23 cm.
590 _aInventariado, 2019/BT
650 0 _aNovela dominicana
_9223
650 0 _aLiteratura dominicana.
_967
910 _aValidado. Control de calidad MFF
999 _c35696
_d35696